[Event "Open Letni Praha 2017 - A"]
[Site "?"]
[Date "2017.08.06"]
[Round "3"]
[White "Iordachescu, Viorel"]
[Black "Plischki, Sebastian"]
[Result "1-0"]
[WhiteElo "2581"]
[BlackElo "2383"]
[PlyCount "75"]
[EventDate "2017.??.??"]
[WhiteClock "0:23:48"]
[BlackClock "0:13:01"]

1. Nf3 d5 2. g3 Bg4 3. Bg2 Nd7 4. O-O c6 5. d3 Ngf6 6. Nbd2 e5 7. h3 Bh5 8. e4
dxe4 9. dxe4 Bc5 10. Qe1 O-O 11. Nb3 Bb6 12. Nfd2 Nc5 13. Nc4 Nxb3 14. axb3 Bc7
15. Be3 Qb8 16. b4 Nd7 17. f3 f6 18. Qf2 Bf7 19. b3 b6 20. f4 Rd8 21. f5 Bd6
22. Nxd6 Qxd6 23. Ra4 c5 24. b5 c4 25. bxc4 Rdc8 26. Qe2 Nc5 27. Raa1 Nb7 28.
c5 Nxc5 29. Rfd1 Qe7 30. Rd2 Rd8 31. g4 Rxd2 32. Qxd2 Rc8 33. g5 Rd8 34. Rxa7
Rxd2 35. Rxe7 Rxc2 36. Rc7 Be8 37. Bf1 fxg5 38. Bxc5 1-0

[Event "Open Letni Praha 2017 - A"]
[Site "?"]
[Date "2017.08.06"]
[Round "3"]
[White "Yagupov, Igor"]
[Black "Xiu, Deshun"]
[Result "0-1"]
[WhiteElo "2395"]
[BlackElo "2532"]
[PlyCount "40"]
[EventDate "2017.??.??"]
[WhiteClock "0:03:31"]
[BlackClock "0:29:35"]

1. e4 c5 2. Nf3 d6 3. d4 cxd4 4. Nxd4 Nf6 5. Nc3 Nc6 6. f3 e5 7. Nb3 Be7 8. Be3
O-O 9. Qd2 Be6 10. Nd5 a5 11. Bb6 Qc8 12. Nxe7+ Nxe7 13. Bxa5 d5 14. Bb4 Re8
15. Bd3 Nc6 16. O-O dxe4 17. fxe4 Ra4 18. Bb5 Bxb3 19. Bxc6 Qxc6 20. cxb3 Qb6+
0-1

[Event "Open Letni Praha 2017 - A"]
[Site "?"]
[Date "2017.08.06"]
[Round "3"]
[White "Aliyev, Ravan"]
[Black "Neuman, Petr"]
[Result "1/2-1/2"]
[WhiteElo "2346"]
[BlackElo "2457"]
[PlyCount "79"]
[EventDate "2017.??.??"]
[WhiteClock "0:05:30"]
[BlackClock "0:05:10"]

1. d4 Nf6 2. c4 g6 3. Nc3 Bg7 4. e4 d6 5. f4 O-O 6. Nf3 Na6 7. Be2 e5 8. fxe5
dxe5 9. d5 Nc5 10. Bg5 h6 11. Bxf6 Qxf6 12. b4 Na6 13. a3 c5 14. Rb1 Bd7 15.
O-O Qd6 16. Qb3 f5 17. Nd2 Rf7 18. Nb5 Qb6 19. Kh1 Bf8 20. exf5 gxf5 21. Bh5
Rg7 22. Nf3 cxb4 23. Nxe5 Bxb5 24. cxb5 Nc5 25. Qf3 Qf6 26. axb4 Qxe5 27. bxc5
Bxc5 28. Qxf5 Qxf5 29. Rxf5 Rf8 30. Rxf8+ Kxf8 31. Rc1 Rc7 32. g3 Ke7 33. Re1+
Kd6 34. Bf3 Re7 35. Rxe7 Kxe7 36. Kg2 Kd6 37. Kh3 a6 38. bxa6 bxa6 39. Kg4 a5
40. Kh5 1/2-1/2

[Event "Open Letni Praha 2017 - A"]
[Site "?"]
[Date "2017.08.06"]
[Round "3"]
[White "Chkhaidze, Nikoloz"]
[Black "Mammadov, Zaur"]
[Result "1/2-1/2"]
[WhiteElo "2341"]
[BlackElo "2424"]
[PlyCount "26"]
[EventDate "2017.??.??"]
[WhiteClock "0:58:52"]
[BlackClock "1:17:14"]

1. c4 c6 2. d4 d5 3. cxd5 cxd5 4. Bg5 Nc6 5. Nc3 g6 6. e3 Bg7 7. Qb3 Bf6 8. Bf4
e6 9. Nb5 Kf8 10. Nc7 Rb8 11. Nb5 Ra8 12. Nc7 Rb8 13. Nb5 Ra8 1/2-1/2

[Event "Open Letni Praha 2017 - A"]
[Site "?"]
[Date "2017.08.06"]
[Round "3"]
[White "Kraus, Tomas"]
[Black "Nitish, Belurkar"]
[Result "1-0"]
[WhiteElo "2424"]
[BlackElo "2269"]
[PlyCount "131"]
[EventDate "2017.??.??"]
[WhiteClock "0:04:29"]
[BlackClock "0:48:07"]

1. Nf3 d5 2. e3 Nf6 3. c4 c6 4. Nc3 e6 5. b3 Nbd7 6. Qc2 Bd6 7. Be2 O-O 8. Bb2
Qe7 9. O-O Re8 10. Rac1 a6 11. d4 e5 12. dxe5 Nxe5 13. cxd5 cxd5 14. Na4 Bg4
15. Nxe5 Bxe5 16. Bxe5 Qxe5 17. Bxg4 Nxg4 18. Qc7 Rac8 19. Qxe5 Nxe5 20. Nb6
Rxc1 21. Rxc1 Nc6 22. Nxd5 Rd8 23. e4 Kf8 24. f3 Ne7 25. Nxe7 Kxe7 26. Rc7+ Ke6
27. a4 b6 28. Kf2 Rd2+ 29. Ke3 Rxg2 30. Rc6+ Kd7 31. Rxb6 Rxh2 32. Rxa6 Rb2 33.
Ra7+ Ke6 34. Ra6+ Kd7 35. Ra7+ Ke6 36. Rb7 h5 37. Kf4 Rg2 38. Rb6+ Ke7 39. Rb7+
Ke6 40. Rb6+ Ke7 41. Rb8 h4 42. a5 h3 43. a6 Ra2 44. Kg3 Rxa6 45. Kxh3 g6 46.
Kg4 Rc6 47. b4 Rc3 48. b5 Kf6 49. b6 Rb3 50. f4 Kg7 51. Rb7 Rb1 52. e5 Kh6 53.
Kf3 g5 54. fxg5+ Kxg5 55. Ke4 Kg6 56. Rd7 f5+ 57. Kd5 Rb5+ 58. Kc6 Rxe5 59. b7
Re8 60. Rc7 Rb8 61. Rc8 Rxb7 62. Kxb7 Kg5 63. Kc6 f4 64. Kd5 f3 65. Ke4 f2 66.
Rf8 1-0

[Event "Open Letni Praha 2017 - A"]
[Site "?"]
[Date "2017.08.06"]
[Round "3"]
[White "Petran, Peter"]
[Black "Urtnasan, Nasanjargal"]
[Result "0-1"]
[WhiteElo "2308"]
[BlackElo "2419"]
[PlyCount "86"]
[EventDate "2017.??.??"]
[WhiteClock "0:20:11"]
[BlackClock "0:32:38"]

1. g3 Nf6 2. Bg2 e5 3. c4 c6 4. d4 e4 5. Nc3 d5 6. Bg5 Nbd7 7. cxd5 cxd5 8. Qb3
Be7 9. Nh3 Nb6 10. Nf4 Be6 11. O-O Qd7 12. Nxe6 fxe6 13. Bh3 h6 14. Bf4 Rc8 15.
Rac1 Nc4 16. Nb5 a6 17. Na3 Bxa3 18. bxa3 b5 19. a4 bxa4 20. Qb4 a5 21. Qe1 O-O
22. Bd2 Rb8 23. Rxc4 dxc4 24. Qc1 Rbc8 25. Bxa5 c3 26. Bb4 Rfe8 27. Bc5 Qd5 28.
Qxc3 Qxa2 29. e3 Qb3 30. Qa1 Rb8 31. Ba3 Rec8 32. Bd6 Rb7 33. Kg2 Rc6 34. Bc5
Nd5 35. Kg1 Nc3 36. Re1 Qb2 37. Bf1 Qxa1 38. Rxa1 Rb1 39. Ra3 Rc1 40. Bb4 Rc4
41. Ba5 Nb5 42. Ra2 a3 43. Kg2 R4c2 0-1

[Event "Open Letni Praha 2017 - A"]
[Site "?"]
[Date "2017.08.06"]
[Round "3"]
[White "Brokken, Dennis"]
[Black "Mustafayev, Farid"]
[Result "1-0"]
[WhiteElo "2401"]
[BlackElo "2076"]
[PlyCount "47"]
[EventDate "2017.??.??"]
[WhiteClock "0:47:19"]
[BlackClock "0:43:44"]

1. d4 d5 2. c4 dxc4 3. e4 e5 4. Nf3 exd4 5. Bxc4 Nc6 6. O-O Be6 7. Bb5 Qd6 8.
Bxc6+ bxc6 9. Qxd4 Qxd4 10. Nxd4 Bc4 11. Re1 c5 12. Nb3 Bd3 13. Nc3 O-O-O 14.
Be3 c4 15. Na5 a6 16. Rac1 Re8 17. Bd4 Rd8 18. Nd5 f5 19. Nxc4 Bxe4 20. Be5
Rxd5 21. Nb6+ Kb7 22. Nxd5 Bxd5 23. Rxc7+ Kb6 24. Rxg7 1-0

[Event "Open Letni Praha 2017 - A"]
[Site "?"]
[Date "2017.08.06"]
[Round "3"]
[White "Matras, Ondrej"]
[Black "Domogaev, Sergey"]
[Result "1-0"]
[WhiteElo "2264"]
[BlackElo "2400"]
[PlyCount "97"]
[EventDate "2017.??.??"]
[WhiteClock "0:19:50"]
[BlackClock "0:26:13"]

1. d4 Nf6 2. c4 g6 3. Nc3 d5 4. cxd5 Nxd5 5. e4 Nxc3 6. bxc3 Bg7 7. Bc4 O-O 8.
Ne2 b6 9. h4 Qd7 10. Qd3 Nc6 11. h5 Na5 12. hxg6 hxg6 13. Bb5 Qg4 14. Rh2 Bd7
15. Bxd7 Qxd7 16. Qg3 Qe6 17. f3 Nc4 18. Qh4 f5 19. Bh6 fxe4 20. Bxg7 Kxg7 21.
Qh7+ Kf6 22. Nf4 Qg8 23. Qh4+ g5 24. Qh6+ Kf5 25. Ne6 exf3 26. Nxf8 Rxf8 27.
gxf3 Rf6 28. Qh3+ Kg6 29. Qh5+ Kf5 30. Qg4+ Kg6 31. Qe4+ Kg7 32. Qxe7+ Qf7 33.
Qxf7+ Rxf7 34. Ke2 Rf5 35. Rg1 Kg6 36. Rgh1 Ra5 37. Kd3 Nd6 38. Rh6+ Kf5 39.
R1h2 Kf4 40. Rf6+ Kg3 41. Re2 b5 42. Re5 Rxa2 43. Rxg5+ Kf2 44. Rfg6 Ra3 45.
Rg2+ Kf1 46. Rg1+ Kf2 47. R6g2+ Kxf3 48. Rg6 Kf2 49. R1g5 1-0

[Event "Open Letni Praha 2017 - A"]
[Site "?"]
[Date "2017.08.06"]
[Round "3"]
[White "Chernyshov, Konstantin"]
[Black "Mukashev, Assan"]
[Result "1-0"]
[WhiteElo "2496"]
[BlackElo "2199"]
[PlyCount "49"]
[EventDate "2017.??.??"]
[WhiteClock "0:27:37"]
[BlackClock "0:18:50"]

1. d4 Nf6 2. c4 e6 3. Nf3 b6 4. g3 Bb7 5. Bg2 Be7 6. O-O O-O 7. b3 d5 8. Bb2
dxc4 9. bxc4 c5 10. e3 cxd4 11. exd4 Qc7 12. Nbd2 Nc6 13. Rc1 Rfd8 14. Re1 Qd6
15. Ne5 Rac8 16. d5 exd5 17. cxd5 Nxe5 18. Rxc8 Rxc8 19. Bxe5 Qd7 20. d6 Bxg2
21. dxe7 Bc6 22. Bxf6 gxf6 23. Ne4 Kg7 24. Qxd7 Bxd7 25. Nd6 1-0

[Event "Open Letni Praha 2017 - A"]
[Site "?"]
[Date "2017.08.06"]
[Round "3"]
[White "Campora, Daniel"]
[Black "Gokhale, Chandrashekhar"]
[Result "1-0"]
[WhiteElo "2436"]
[BlackElo "2197"]
[PlyCount "63"]
[EventDate "2017.??.??"]
[WhiteClock "0:35:19"]
[BlackClock "0:07:14"]

1. e4 e5 2. Nf3 Nf6 3. Nc3 Nc6 4. Bb5 Bb4 5. O-O O-O 6. d3 d6 7. Ne2 Ne7 8. c3
Ba5 9. Ng3 Ng6 10. d4 c6 11. Bd3 Bc7 12. Bc2 Re8 13. Re1 Nf4 14. h3 h6 15. Bxf4
exf4 16. Nf1 Nh7 17. N1h2 Nf8 18. Qd2 g5 19. Rad1 Ng6 20. Qc1 Qf6 21. a3 a5 22.
Ng4 Bxg4 23. hxg4 Re7 24. Qd2 Rae8 25. Qd3 Qe6 26. Nh2 Qf6 27. b4 Qe6 28. Rb1
axb4 29. axb4 d5 30. e5 Ra8 31. Qh3 Nh4 32. Bf5 1-0

[Event "Open Letni Praha 2017 - A"]
[Site "?"]
[Date "2017.08.06"]
[Round "3"]
[White "Vichnar, David"]
[Black "Yuan, Ye"]
[Result "1/2-1/2"]
[WhiteElo "2428"]
[BlackElo "2197"]
[PlyCount "81"]
[EventDate "2017.??.??"]
[WhiteClock "0:06:22"]
[BlackClock "0:04:32"]

1. d4 d5 2. c4 e6 3. Nf3 c6 4. e3 Nf6 5. b3 Nbd7 6. Bd3 Bd6 7. Bb2 O-O 8. O-O
b6 9. Nbd2 Bb7 10. Ne5 c5 11. f4 cxd4 12. exd4 Ne4 13. cxd5 exd5 14. Nxe4 dxe4
15. Bc4 b5 16. Bxb5 Nxe5 17. fxe5 Bxe5 18. dxe5 Qb6+ 19. Kh1 Qxb5 20. Qg4 Kh8
21. e6 f6 22. Rf5 Qc6 23. Rh5 e3 24. Qg6 h6 25. e7 Rf7 26. Rg1 e2 27. h3 Qe6
28. Re1 Qxe7 29. Qd3 Re8 30. Kg1 Qe6 31. Rh4 Rfe7 32. Qg6 Qe3+ 33. Kh2 Qd2 34.
Bxf6 Qd6+ 35. Kg1 Kg8 36. Rxh6 Be4 37. Qg5 Qb6+ 38. Kh2 Qd6+ 39. Kg1 Qb6+ 40.
Kh2 Qd6+ 41. Kg1 1/2-1/2

[Event "Open Letni Praha 2017 - A"]
[Site "?"]
[Date "2017.08.06"]
[Round "3"]
[White "Saiyn, Zhanat"]
[Black "Soural, Jan"]
[Result "1-0"]
[WhiteElo "2381"]
[BlackElo "2163"]
[PlyCount "117"]
[EventDate "2017.??.??"]
[WhiteClock "1:12:57"]
[BlackClock "0:08:35"]

1. d4 Nf6 2. Nf3 g6 3. c4 Bg7 4. Nc3 d5 5. cxd5 Nxd5 6. Bg5 Nxc3 7. bxc3 c5 8.
e3 Qa5 9. Qd2 Nc6 10. Rc1 cxd4 11. cxd4 Qxd2+ 12. Nxd2 h6 13. Bh4 g5 14. Bg3
Be6 15. Bc4 Bxc4 16. Rxc4 e5 17. Bxe5 Nxe5 18. dxe5 O-O 19. Nf3 Rac8 20. Rxc8
Rxc8 21. Kd2 Rc5 22. Rb1 b6 23. Rc1 Rd5+ 24. Ke2 Bxe5 25. h4 Bf6 26. hxg5 hxg5
27. Rc4 Ra5 28. a4 b5 29. axb5 Rxb5 30. Rc6 Kg7 31. Nd2 Rb2 32. Kd3 Bd8 33. g4
a5 34. Ra6 Ra2 35. Ne4 a4 36. Ra8 Bf6 37. Ra6 Be5 38. Nxg5 Rxf2 39. Rxa4 Kg6
40. Ne4 Rg2 41. Ra5 Bh2 42. Rg5+ Kh6 43. Rg8 Be5 44. Ng5 f6 45. Ne6 Kh7 46.
Rg7+ Kh6 47. Ke4 Ba1 48. Kf3 Ra2 49. Rd7 Ra4 50. Nf8 f5 51. gxf5 Kg5 52. Rf7
Be5 53. Ne6+ Kh6 54. Rd7 Rb4 55. Rd5 Bf6 56. Rd1 Kh7 57. Rg1 Be5 58. Rg6 Ra4
59. Ng5+ 1-0

[Event "Open Letni Praha 2017 - A"]
[Site "?"]
[Date "2017.08.06"]
[Round "3"]
[White "Sindler, Michal"]
[Black "Lamorelle, Julien"]
[Result "1/2-1/2"]
[WhiteElo "2201"]
[BlackElo "2358"]
[PlyCount "65"]
[EventDate "2017.??.??"]
[WhiteClock "0:09:01"]
[BlackClock "0:10:26"]

1. e4 c5 2. Nf3 e6 3. d3 d5 4. Nbd2 Nf6 5. g3 Nc6 6. Bg2 Be7 7. O-O O-O 8. e5
Nd7 9. Re1 f6 10. exf6 Bxf6 11. c4 Kh8 12. a3 Nb6 13. Qc2 Bd7 14. Nb3 Rc8 15.
Be3 Nd4 16. Nbxd4 cxd4 17. Bxd4 dxc4 18. Bxf6 Qxf6 19. d4 Bc6 20. Ne5 Bxg2 21.
Kxg2 Nd5 22. Qe2 c3 23. bxc3 Rxc3 24. Rec1 Rfc8 25. Qd2 Qf5 26. Rxc3 Rxc3 27.
Rc1 Rxc1 28. Qxc1 h6 29. Qc8+ Kh7 30. Qxb7 Qe4+ 31. Kg1 Qe1+ 32. Kg2 Qe4+ 33.
Kg1 1/2-1/2

[Event "Open Letni Praha 2017 - A"]
[Site "?"]
[Date "2017.08.06"]
[Round "3"]
[White "Hoefelsauer, Thomas"]
[Black "Pranav, Anand"]
[Result "1-0"]
[WhiteElo "2357"]
[BlackElo "2155"]
[PlyCount "97"]
[EventDate "2017.??.??"]
[WhiteClock "0:10:06"]
[BlackClock "0:21:57"]

1. Nf3 Nf6 2. c4 e6 3. g3 d5 4. Bg2 d4 5. e3 c5 6. exd4 cxd4 7. O-O Nc6 8. Re1
Bd6 9. d3 O-O 10. Bg5 h6 11. Bxf6 Qxf6 12. Nbd2 Qe7 13. Nb3 Qf6 14. Nfd2 Bc7
15. c5 e5 16. Nc4 Bf5 17. Qd2 Rae8 18. Rad1 Bg4 19. Rc1 Bf3 20. a3 Bxg2 21.
Kxg2 Qg6 22. Qe2 f5 23. Nbd2 Na5 24. Nxa5 Bxa5 25. b4 Qc6+ 26. Kg1 Bc7 27. f3
a6 28. Qd1 Kh8 29. a4 Qg6 30. Kg2 h5 31. Qe2 h4 32. Qf2 Re6 33. b5 Rff6 34. c6
bxc6 35. bxa6 Re8 36. Rb1 Rff8 37. a7 c5 38. Rb5 c4 39. dxc4 e4 40. Qxd4 Bxg3
41. hxg3 Qxg3+ 42. Kf1 Qh3+ 43. Ke2 exf3+ 44. Kd1 Rxe1+ 45. Kxe1 Qh1+ 46. Nf1
Qg2 47. Qxh4+ Kg8 48. Qe7 Qc2 49. Qxf8+ 1-0

[Event "Open Letni Praha 2017 - A"]
[Site "?"]
[Date "2017.08.06"]
[Round "3"]
[White "Mammadova, Narmin"]
[Black "Zlatin, Alex"]
[Result "1/2-1/2"]
[WhiteElo "2277"]
[BlackElo "2149"]
[PlyCount "134"]
[EventDate "2017.??.??"]
[WhiteClock "0:00:42"]
[BlackClock "0:18:31"]

1. Nf3 Nf6 2. g3 d5 3. Bg2 e6 4. O-O Be7 5. c4 O-O 6. d4 b6 7. Nc3 Bb7 8. cxd5
Nxd5 9. Qc2 Nxc3 10. bxc3 Qc8 11. Rd1 Nd7 12. e4 c5 13. d5 exd5 14. exd5 h6 15.
c4 Bf6 16. Bb2 Qb8 17. a4 Qd6 18. Rab1 Rfe8 19. Ba3 Rab8 20. Re1 Ba8 21. Nd2
Bd4 22. Nf3 Bf6 23. Re2 Rxe2 24. Qxe2 Ne5 25. Nd2 Rd8 26. Ne4 Qd7 27. Nxf6+
gxf6 28. f4 Ng6 29. Re1 Kf8 30. Bb2 Re8 31. Qxe8+ Qxe8 32. Rxe8+ Kxe8 33. Bxf6
Bb7 34. Kf2 Bc8 35. Bf3 Bd7 36. Bd1 a6 37. Bg7 h5 38. Bxh5 Bxa4 39. Be2 f5 40.
Bb2 b5 41. Bd3 Ne7 42. h4 bxc4 43. Bxc4 Bd1 44. Bxa6 Nxd5 45. Bc4 Nb6 46. Be6
Bg4 47. h5 Bxh5 48. Bxf5 Nd5 49. Bd3 Ke7 50. Be5 Bd1 51. Bc4 Nb6 52. Bg8 Nd7
53. Bb2 Bg4 54. Ke3 Kd6 55. Ke4 Ke7 56. Ba2 Be2 57. Ba3 Kf6 58. Kd5 c4 59. Kc6
Ke6 60. g4 Bxg4 61. Bxc4+ Kf5 62. Bd6 Nf6 63. Be5 Nh5 64. Bd3+ Ke6 65. Bc4+ Kf5
66. Bd3+ Ke6 67. Ba6 Bf3+ 1/2-1/2

[Event "Open Letni Praha 2017 - A"]
[Site "?"]
[Date "2017.08.06"]
[Round "3"]
[White "Schmitz, Thorsten"]
[Black "Slovak, Kilian"]
[Result "1/2-1/2"]
[WhiteElo "2273"]
[BlackElo "2101"]
[PlyCount "137"]
[EventDate "2017.??.??"]
[WhiteClock "0:05:52"]
[BlackClock "0:12:29"]

1. e4 c5 2. c3 d5 3. exd5 Qxd5 4. Nf3 Nf6 5. Na3 Bg4 6. Be2 Nc6 7. Qa4 e6 8.
Nc4 Rc8 9. Ne3 Qh5 10. h3 Bxf3 11. Bxf3 Qe5 12. Bxc6+ bxc6 13. Qxa7 Bd6 14. d4
cxd4 15. Qxd4 Qxd4 16. cxd4 Kd7 17. Nc4 Nd5 18. Bd2 Ra8 19. O-O Rhb8 20. Rfc1
Ra4 21. a3 Rb3 22. Rc2 Rd3 23. Be3 f5 24. Re1 Bc7 25. b4 g6 26. Nb2 Rdxa3 27.
Nxa4 Rxa4 28. Bd2 Bd6 29. Rb1 Nc7 30. Rcc1 Ra7 31. Bh6 Rb7 32. Bg7 Rb5 33. Rc4
Nd5 34. Ra1 Rb7 35. Be5 Be7 36. g3 Nxb4 37. Rb1 Rb5 38. Kf1 Nd5 39. Rcc1 Ba3
40. Rxb5 cxb5 41. Ra1 b4 42. Ke2 Kc6 43. Kd3 Kb5 44. Bd6 Ka4 45. Re1 b3 46. Ra1
Nb4+ 47. Bxb4 b2 48. Rb1 Kxb4 49. Kc2 Kc4 50. Rd1 Bb4 51. Kxb2 Bc3+ 52. Kc2
Bxd4 53. f3 h5 54. Kd2 e5 55. Ke2 Kd5 56. Rb1 Ke6 57. Rb7 Kf6 58. Rc7 Bg1 59.
Rc6+ Kg7 60. g4 hxg4 61. fxg4 fxg4 62. hxg4 Kh6 63. Kf3 Kg5 64. Ke4 Bd4 65. Kf3
Bb2 66. Kg3 Ba1 67. Rc5 Bd4 68. Rd5 Bc3 69. Kf3 1/2-1/2

[Event "Open Letni Praha 2017 - A"]
[Site "?"]
[Date "2017.08.06"]
[Round "3"]
[White "Tatarintsev, Egor"]
[Black "Haag, Martin"]
[Result "1/2-1/2"]
[WhiteElo "2126"]
[BlackElo "2263"]
[PlyCount "82"]
[EventDate "2017.??.??"]
[WhiteClock "0:32:36"]
[BlackClock "0:02:22"]

1. e4 c5 2. c3 Nf6 3. e5 Nd5 4. d4 cxd4 5. cxd4 d6 6. Nf3 Nc6 7. Bc4 Nb6 8. Bb5
dxe5 9. Nxe5 Bd7 10. Nc3 Nxe5 11. dxe5 Bxb5 12. Nxb5 Qxd1+ 13. Kxd1 Nd5 14. Ke2
a6 15. Rd1 O-O-O 16. Nd4 e6 17. Be3 Be7 18. Rac1+ Kb8 19. Nb3 Rc8 20. g3 Rhd8
21. Bc5 Bxc5 22. Nxc5 Rc7 23. a3 Rdc8 24. Nd3 Rc2+ 25. Rxc2 Rxc2+ 26. Rd2 Rc4
27. f3 Kc7 28. Nf2 f6 29. Kd3 b5 30. exf6 gxf6 31. Rc2 Rxc2 32. Kxc2 f5 33. Kd3
Kd6 34. Nh3 h6 35. Nf4 Nxf4+ 36. gxf4 Kd5 37. b4 h5 38. h4 e5 39. fxe5 Kxe5 40.
Ke3 f4+ 41. Kd3 Kd5 1/2-1/2

[Event "Open Letni Praha 2017 - A"]
[Site "?"]
[Date "2017.08.06"]
[Round "3"]
[White "Pauly, Carlo"]
[Black "Simecek, Bohumil"]
[Result "1-0"]
[WhiteElo "2261"]
[BlackElo "2086"]
[PlyCount "57"]
[EventDate "2017.??.??"]
[WhiteClock "0:31:49"]
[BlackClock "0:05:30"]

1. d4 d5 2. c4 c6 3. Nf3 Nf6 4. e3 Bf5 5. Nc3 e6 6. Nh4 Bg6 7. Nxg6 hxg6 8. Bd3
Nbd7 9. Qc2 Be7 10. Bd2 a6 11. cxd5 exd5 12. Ne2 Bd6 13. Nf4 Qe7 14. O-O-O Ne4
15. Ba5 O-O 16. h4 Ndf6 17. Kb1 Rac8 18. f3 Ng3 19. Rhe1 Qd7 20. Qf2 Nfh5 21.
Nh3 Rfe8 22. e4 dxe4 23. fxe4 Qg4 24. Ng5 Qf4 25. Qc2 Qxh4 26. Nxf7 Kxf7 27. e5
Be7 28. Qc4+ Kf8 29. Bxg6 1-0

[Event "Open Letni Praha 2017 - A"]
[Site "?"]
[Date "2017.08.06"]
[Round "3"]
[White "Zoldan, Matteo"]
[Black "Mikes, Jan"]
[Result "1/2-1/2"]
[WhiteElo "2082"]
[BlackElo "2253"]
[PlyCount "49"]
[EventDate "2017.??.??"]
[WhiteClock "0:16:55"]
[BlackClock "0:10:01"]

1. e4 c5 2. Nf3 d6 3. d4 cxd4 4. Nxd4 Nf6 5. Nc3 a6 6. f3 e5 7. Nb3 Be6 8. Be3
h5 9. Qd2 Nbd7 10. Nd5 Bxd5 11. exd5 g6 12. Be2 Bg7 13. c4 O-O 14. O-O b6 15.
Rac1 a5 16. Na1 Nc5 17. Nc2 Re8 18. Rce1 Qd7 19. b3 h4 20. Na3 Nh5 21. Nb5 h3
22. g3 f5 23. Bd1 Re7 24. a3 Ra6 25. b4 1/2-1/2

[Event "Open Letni Praha 2017 - A"]
[Site "?"]
[Date "2017.08.06"]
[Round "3"]
[White "Davies, Peter"]
[Black "Sbarra, Marco"]
[Result "0-1"]
[WhiteElo "1966"]
[BlackElo "2228"]
[PlyCount "88"]
[EventDate "2017.??.??"]
[WhiteClock "0:21:27"]
[BlackClock "0:29:58"]

1. d4 Nf6 2. c4 e6 3. Nf3 d5 4. g3 Be7 5. Bg2 O-O 6. O-O c5 7. cxd5 exd5 8. Nc3
Nc6 9. h3 Re8 10. b3 Ne4 11. Bb2 Bf6 12. e3 cxd4 13. exd4 Nxc3 14. Bxc3 Bf5 15.
Qd2 Qd7 16. Kh2 Be4 17. Rfe1 h6 18. Ng1 Bxg2 19. Kxg2 Re4 20. f3 Ree8 21. f4
Re4 22. Nf3 Qf5 23. Ne5 Bxe5 24. fxe5 Rxe1 25. Rxe1 Nd8 26. Qf2 Qg6 27. Qf3 Ne6
28. h4 Rc8 29. Kh3 h5 30. Re3 Qc2 31. g4 hxg4+ 32. Kxg4 Qg6+ 33. Kh3 Qh6 34.
Qg3 Nf4+ 35. Kg4 Ne6 36. Kh3 Rc6 37. Kg4 Qg6+ 38. Kh3 Qf5+ 39. Kh2 Qc2+ 40. Kh3
Qxa2 41. Rd3 Qe2 42. Bd2 Rc2 43. Qe3 Rxd2 44. Qxd2 Qxd3+ 0-1

[Event "Open Letni Praha 2017 - A"]
[Site "?"]
[Date "2017.08.06"]
[Round "3"]
[White "Kulkarni, Bhakti"]
[Black "Zanikov, Konstantin"]
[Result "1/2-1/2"]
[WhiteElo "2291"]
[BlackElo "2083"]
[PlyCount "73"]
[EventDate "2017.??.??"]
[WhiteClock "0:08:40"]
[BlackClock "0:09:07"]

1. d4 Nf6 2. Nf3 e6 3. Bg5 Be7 4. e3 O-O 5. Bd3 d5 6. Nbd2 c5 7. c3 b6 8. Ne5
Qc7 9. Qe2 Bb7 10. O-O Ne4 11. Bxe7 Qxe7 12. Rfd1 Nc6 13. Nxe4 Nxe5 14. Nxc5
bxc5 15. dxe5 Rab8 16. Rd2 Bc6 17. e4 Qg5 18. exd5 Bxd5 19. g3 c4 20. Bc2 Bf3
21. Qe3 Qxe3 22. fxe3 Rfd8 23. Rd6 Kf8 24. Rf1 Rxd6 25. exd6 Rxb2 26. d7 Ke7
27. Rxf3 Rxc2 28. Rxf7+ Kd8 29. Rxg7 Rxc3 30. Rxh7 Rxe3 31. Rh4 c3 32. Rc4 Kxd7
33. Kf2 Rd3 34. h4 Rd2+ 35. Ke3 Rxa2 36. Rxc3 Ke7 37. g4 1/2-1/2

[Event "Open Letni Praha 2017 - A"]
[Site "?"]
[Date "2017.08.06"]
[Round "3"]
[White "Van Vliet, Dennis"]
[Black "Hollan, Petr"]
[Result "0-1"]
[WhiteElo "2085"]
[BlackElo "2273"]
[PlyCount "74"]
[EventDate "2017.??.??"]
[WhiteClock "0:07:29"]
[BlackClock "0:47:41"]

1. d4 d5 2. c4 e6 3. Nc3 a6 4. cxd5 exd5 5. Nf3 c6 6. Bf4 Bd6 7. Bxd6 Qxd6 8.
e3 Nf6 9. Qc2 Be6 10. Bd3 g6 11. O-O Nbd7 12. b4 O-O 13. Rab1 b6 14. e4 dxe4
15. Nxe4 Nxe4 16. Bxe4 Nf6 17. Bd3 Rfc8 18. Qe2 Nd5 19. Qe5 Qxe5 20. Nxe5 Nc3
21. Rbc1 Nxa2 22. Rxc6 Nxb4 23. Rxc8+ Rxc8 24. Be4 a5 25. f4 a4 26. Rb1 Bb3 27.
Nd7 Rd8 28. Nxb6 Rxd4 29. Bf3 Nc2 30. Nxa4 Bxa4 31. f5 Rb4 32. Rxb4 Nxb4 33.
fxg6 hxg6 34. h4 Kg7 35. g4 Nd3 36. Kh2 Ne5 37. Be2 Bd7 0-1

[Event "Open Letni Praha 2017 - A"]
[Site "Praha"]
[Date "2017.08.06"]
[Round "3"]
[White "Slampa, Jan"]
[Black "Molkanov, Oleg"]
[Result "1-0"]
[WhiteElo "2252"]
[BlackElo "2054"]
[PlyCount "85"]
[EventDate "2017.08.04"]

1. d4 f5 2. c4 Nf6 3. Nc3 g6 4. g3 Bg7 5. Bg2 d6 6. Nh3 O-O 7. O-O Nc6 8. Rb1
e5 9. d5 Ne7 10. b4 a5 11. a3 h6 12. f4 Ng4 13. Qd2 e4 14. Nb5 Bd7 15. bxa5 Qb8
16. Bb2 Bxb2 17. Rxb2 Bxb5 18. Rxb5 Qa7+ 19. Kh1 Ne3 20. Rfb1 Nxc4 21. Qc3 Nxa5
22. Qxc7 Nc8 23. Rxb7 Nxb7 24. Rxb7 Qxb7 25. Qxb7 Rxa3 26. Qb2 Ra5 27. e3 Ne7
28. Bf1 Kf7 29. Qb6 Ra1 30. Qxd6 Rxf1+ 31. Kg2 Ra1 32. Qe6+ Ke8 33. d6 Ra7 34.
dxe7 Rxe7 35. Qxg6+ Ref7 36. Qxh6 Rf6 37. Qh5+ Ke7 38. Ng5 Rd6 39. Qh7+ Ke8 40.
h4 Rd2+ 41. Kh3 Rd3 42. Nxe4 Rxe3 43. Nd6+ 1-0

[Event "Open Letni Praha 2017 - A"]
[Site "Praha"]
[Date "2017.08.06"]
[Round "3"]
[White "Usleber, Helmut"]
[Black "Vanek, Ladislav"]
[Result "0-1"]
[WhiteElo "2056"]
[BlackElo "2235"]
[PlyCount "82"]
[EventDate "2017.08.04"]

1. e4 b6 2. d4 Bb7 3. Nc3 e6 4. Nf3 Bb4 5. Bd3 Nf6 6. Qe2 d5 7. e5 Ne4 8. Bd2
Nxd2 9. Qxd2 Be7 10. Ne2 c5 11. c3 Ba6 12. Bxa6 Nxa6 13. O-O Qd7 14. Ne1 Nb8
15. f4 Nc6 16. Nc2 g6 17. Ne3 O-O-O 18. Rfb1 cxd4 19. cxd4 Kb8 20. b4 g5 21.
fxg5 Bxg5 22. a4 Nxe5 23. dxe5 d4 24. Nxd4 Qxd4 25. Qxd4 Rxd4 26. Nf1 Bf4 27.
b5 Bxe5 28. a5 Rd5 29. Ra2 bxa5 30. Rxa5 Rhd8 31. Ra3 Bd4+ 32. Kh1 Bc5 33. Rf3
f5 34. h3 Rd1 35. Rbb3 Kb7 36. Kh2 Kb6 37. Ne3 R1d4 38. Kh1 f4 39. Nf1 e5 40.
Kh2 e4 41. Rfc3 Rd1 0-1

[Event "Open Letni Praha 2017 - A"]
[Site "Praha"]
[Date "2017.08.06"]
[Round "3"]
[White "Karayev, Kanan"]
[Black "Horton, Justin"]
[Result "1-0"]
[WhiteElo "2228"]
[BlackElo "2030"]
[PlyCount "33"]
[EventDate "2017.08.04"]

1. Nf3 d5 2. g3 Nf6 3. Bg2 c5 4. O-O Nc6 5. d4 cxd4 6. Nxd4 e5 7. Nxc6 bxc6 8.
c4 Bb7 9. cxd5 Nxd5 10. Nc3 Nxc3 11. bxc3 Bc5 12. Rb1 Qe7 13. Qb3 O-O-O 14. a4
h6 15. a5 a6 16. Qc4 Kc7 17. Ba3 1-0

[Event "Open Letni Praha 2017 - A"]
[Site "Praha"]
[Date "2017.08.06"]
[Round "3"]
[White "Radeva, Viktoria"]
[Black "Pribylova, Sofie"]
[Result "1-0"]
[WhiteElo "2214"]
[BlackElo "2003"]
[PlyCount "59"]
[EventDate "2017.08.04"]

1. e4 c5 2. Nf3 d6 3. d4 cxd4 4. Nxd4 Nf6 5. Nc3 a6 6. Be2 e6 7. O-O Be7 8. f4
Qc7 9. Kh1 O-O 10. Qe1 b5 11. Bf3 Bb7 12. a3 Nc6 13. Be3 Rac8 14. Qg3 Rfe8 15.
Rae1 Na5 16. e5 Nd7 17. Bxb7 Qxb7 18. f5 Nxe5 19. Bh6 g6 20. fxe6 fxe6 21. Nxe6
Rc4 22. Nf4 Nac6 23. Nfd5 Nf7 24. Nf6+ Kh8 25. Nxe8 Nxh6 26. Nxd6 Bxd6 27. Qxd6
Ng8 28. Rf8 Qg7 29. Ree8 Nce7 30. Qxe7 1-0